[Event "27th Czech Open A 2016"]
[Site "Pardubice CZE"]
[Date "2016.07.28"]
[Round "7.34"]
[White "Nguyen, Thai Dai Van"]
[Black "Swicarz, Maciej"]
[Result "1/2-1/2"]
[WhiteTitle "FM"]
[WhiteElo "2445"]
[BlackElo "2292"]
[WhiteFideId "358878"]
[BlackFideId "1113585"]
[EventDate "2016.07.22"]

1. e4 c5 2. Nf3 Nc6 3. d4 cxd4 4. Nxd4 g6 5. c4 Nf6 6. Nc3 d6 7. Be2 Nxd4 8.
Qxd4 Bg7 9. Be3 O-O 10. Qd2 a5 11. f3 a4 12. Rc1 Qa5 13. Rc2 Be6 14. Nb5 Rfc8
15. Qxa5 Rxa5 16. Kd2 Nd7 17. Rb1 Nc5 18. Nd4 f5 19. b4 axb3 20. axb3 Bxd4 21.
Bxd4 Ra3 22. Bxc5 dxc5 23. Bd3 Rd8 24. Kc3 f4 25. Rd2 Kf7 26. g3 g5 27. h4 fxg3
28. hxg5 Bh3 29. Rg1 g2 30. f4 Ke6 31. Rf2 Rxd3+ 32. Kxd3 Rxb3+ 33. Kc2 Re3 34.
f5+ Kf7 35. Rf4 e5 36. fxe6+ Kxe6 37. Rh4 Rf3 38. Rxh3 Rxh3 39. Rxg2 Ke5 40. g6
hxg6 41. Rxg6 Kd4 42. Rg7 Kxc4 43. Rxb7 Rh2+ 44. Kd1 Kc3 45. e5 Rd2+ 46. Ke1 Rd4
47. Re7 Kc2 48. e6 c4 49. Rc7 Re4+ 50. Kf2 c3 51. e7 Kd2 52. Kf3 Re6 53. Kf4 c2
54. Rd7+ Ke1 55. Rc7 Kd2 56. Rd7+ Kc3 57. Kf5 Rxe7 58. Rxe7 c1=Q 59. Rc7+ Kd2
60. Rxc1 Kxc1 61. Ke4 1/2-1/2

[Event "27th Czech Open A 2016"]
[Site "Pardubice CZE"]
[Date "2016.07.28"]
[Round "7.35"]
[White "Ladva, Ottomar"]
[Black "Lagashin, Pavel"]
[Result "1-0"]
[WhiteTitle "IM"]
[WhiteElo "2443"]
[BlackElo "2148"]
[WhiteFideId "4500024"]
[BlackFideId "24132144"]
[EventDate "2016.07.22"]

1. Nf3 Nf6 2. c4 b6 3. d4 Bb7 4. g3 e5 5. d5 Bb4+ 6. Bd2 Bxd2+ 7. Qxd2 d6 8. Nc3
Nbd7 9. Bg2 a5 10. O-O Nc5 11. Qc2 Bc8 12. b3 Bg4 13. Ne1 Qd7 14. Nb5 Bf5 15.
Qb2 h5 16. f3 Nxd5 17. e4 Ne3 18. exf5 Nxf1 19. Kxf1 c6 20. f4 Rc8 21. Nc3 Qxf5
22. Qc2 Qxc2 23. Nxc2 exf4 24. gxf4 Rh6 25. Nd4 Kd7 26. Bh3+ Ne6 27. Nf5 Rf6 28.
Ne4 Rxf5 29. Bxf5 g6 30. Bh3 f5 31. Ng5 Nxf4 32. Re1 b5 33. Rc1 Re8 34. Rc2 Re3
35. Kf2 Rxh3 36. Nxh3 Nxh3+ 37. Kg3 Ng5 38. h4 Ne6 39. Rg2 bxc4 40. bxc4 d5 41.
cxd5 cxd5 42. Kf3 Nf8 43. Rb2 Kc6 44. Kf4 Nd7 45. Rg2 Nf8 46. Ke5 Nd7+ 47. Kd4
Nf8 48. Rb2 g5 49. Rb8 Nd7 50. Rc8+ Kb7 51. Rh8 gxh4 52. Rxh5 Kc6 53. Rxh4 Nb6
54. Rf4 Kb5 55. Rxf5 Kb4 56. Rf3 a4 57. Rh3 Nc4 58. Kxd5 Na3 59. Kd4 Nb5+ 60.
Kd3 Nc7 61. Kc2 Nb5 62. Kb2 a3+ 63. Kc2 Nd4+ 64. Kd3 Nb5 65. Rh4+ Kc5 66. Kc2
Kd5 67. Kb3 Nd4+ 68. Kxa3 Kc4 69. Ka4 Kc5 70. Rxd4 1-0

[Event "27th Czech Open A 2016"]
[Site "Pardubice CZE"]
[Date "2016.07.28"]
[Round "7.36"]
[White "Khaetsky, Roman"]
[Black "Jakubowski, Krzysztof"]
[Result "0-1"]
[WhiteTitle "IM"]
[BlackTitle "GM"]
[WhiteElo "2385"]
[BlackElo "2557"]
[WhiteFideId "14106221"]
[BlackFideId "1112848"]
[EventDate "2016.07.22"]

1. e4 d6 2. f4 e5 3. Nf3 exf4 4. Bc4 h6 5. d4 g5 6. c3 Bg7 7. Qb3 Qe7 8. O-O Nd7
9. Na3 Nb6 10. Bd2 Bd7 11. Kh1 O-O-O 12. Rae1 h5 13. d5 h4 14. Nb5 a6 15. Nbd4
g4 16. Nf5 Bxf5 17. exf5 Qd7 18. Ng5 h3 19. Bxf4 hxg2+ 20. Kxg2 Nf6 21. Ne4 Nxe4
22. Rxe4 Be5 23. Bxe5 dxe5 24. Rxg4 Rh5 25. Rg3 Rh4 26. Be2 Nxd5 27. Kh1 Qc6 28.
Bf3 e4 29. Bg2 Qh6 30. Rd1 Rxh2+ 31. Kg1 Rxg2+ 0-1

[Event "27th Czech Open A 2016"]
[Site "Pardubice CZE"]
[Date "2016.07.28"]
[Round "7.37"]
[White "Sabuk, Piotr"]
[Black "Chigaev, Maksim"]
[Result "1/2-1/2"]
[WhiteTitle "IM"]
[BlackTitle "IM"]
[WhiteElo "2363"]
[BlackElo "2549"]
[WhiteFideId "1137565"]
[BlackFideId "4108116"]
[EventDate "2016.07.22"]

1. d4 g6 2. c4 Bg7 3. e4 d6 4. Nc3 Nc6 5. d5 Nb8 6. Nf3 e5 7. g3 Bh6 8. Bg2 Bg4
9. O-O Bxc1 10. Rxc1 Nd7 11. b4 Ngf6 12. Qc2 Bxf3 13. Bxf3 O-O 14. a3 h5 15. Nd1
b6 16. Nb2 h4 17. Na4 Kg7 18. c5 bxc5 19. bxc5 Rh8 20. Rb1 hxg3 21. fxg3 Rb8 22.
Rxb8 Qxb8 23. Rb1 Qc8 24. cxd6 cxd6 25. Qxc8 Rxc8 26. h4 Rc4 27. Rb4 Rc1+ 28.
Kf2 a5 29. Rb5 Rc4 30. Rxa5 Nxe4+ 31. Bxe4 Rxe4 32. Ra6 Nf6 33. Nc3 Rd4 34. Ke2
Nxd5 35. Nb5 Rg4 36. Nxd6 f6 37. Ra7+ Kf8 38. Kf3 Rd4 39. Ne4 f5 40. Ng5 Rd3+
41. Kf2 e4 42. Ne6+ Kg8 43. Rg7+ Kh8 44. Rd7 Rf3+ 45. Kg2 Ne3+ 46. Kh3 Rf1 47.
Kh2 Rf2+ 48. Kh1 Ng4 49. Re7 Nh2 50. Ng5 Ra2 51. a4 Nf1 52. g4 e3 53. h5 gxh5
54. gxh5 e2 55. h6 Ng3+ 56. Kg1 Ra1+ 57. Kf2 Rf1+ 58. Kxg3 e1=Q+ 59. Rxe1 Rxe1
60. Kf4 Rf1+ 61. Ke5 f4 62. Ke4 f3 63. Nxf3 Kh7 64. Nd4 Ra1 65. Ne6 Rxa4+ 66.
Kf5 Kxh6 67. Kf6 Kh5 68. Kf5 Ra5+ 69. Ke4 Kg6 70. Nd4 Kf6 71. Nc6 Rc5 72. Nd4
Re5+ 73. Kf4 Re1 74. Nf3 Re2 75. Nd4 Ra2 76. Ke4 Ra4 77. Kd5 Ke7 78. Nc6+ Kd7
79. Ne5+ Kc7 80. Nc4 Ra8 81. Ne5 Ra5+ 82. Kd4 Rb5 83. Nc4 Rh5 84. Ke4 Kc6 85.
Ne5+ Kd6 86. Nd3 Ra5 87. Nf4 Ra4+ 88. Kf5 Rd4 89. Ng6 Rd5+ 90. Ke4 Rg5 91. Nf4
Rg4 92. Kf5 Rxf4+ 93. Kxf4 1/2-1/2

[Event "27th Czech Open A 2016"]
[Site "Pardubice CZE"]
[Date "2016.07.28"]
[Round "7.38"]
[White "Pardo Simon, David"]
[Black "Schuh, Dirk"]
[Result "1-0"]
[WhiteTitle "IM"]
[BlackTitle "IM"]
[WhiteElo "2492"]
[BlackElo "2373"]
[WhiteFideId "2296276"]
[BlackFideId "4655311"]
[EventDate "2016.07.22"]

1. d4 d5 2. c4 e6 3. Nc3 Nf6 4. cxd5 exd5 5. Bg5 c6 6. Qc2 Be7 7. e3 Nbd7 8. Bd3
Nh5 9. Bxe7 Qxe7 10. Nge2 g6 11. O-O-O Nb6 12. Kb1 Bd7 13. Nc1 O-O-O 14. Nb3 Ng7
15. a4 Bf5 16. Bxf5+ Nxf5 17. Nc5 Kb8 18. Qb3 Nc4 19. e4 Nxd4 20. Qb4 Ka8 21.
exd5 cxd5 22. Rxd4 1-0

[Event "27th Czech Open A 2016"]
[Site "Pardubice CZE"]
[Date "2016.07.28"]
[Round "7.39"]
[White "Simacek, Pavel"]
[Black "Sindarov, Javokhir"]
[Result "1/2-1/2"]
[WhiteTitle "IM"]
[BlackTitle "CM"]
[WhiteElo "2470"]
[BlackElo "2374"]
[WhiteFideId "307165"]
[BlackFideId "14205483"]
[EventDate "2016.07.22"]

1. e4 d6 2. d4 Nf6 3. Nc3 e5 4. Nf3 Nbd7 5. Bc4 Be7 6. a4 O-O 7. O-O c6 8. h3
Nxe4 9. Nxe4 d5 10. Re1 exd4 11. Bxd5 cxd5 12. Ng3 Bc5 13. Nxd4 Qf6 14. Be3 Ne5
15. b3 Bxh3 16. Nh5 Qh4 17. gxh3 Bxd4 18. Bxd4 Qxd4 19. Qxd4 Nf3+ 20. Kf1 Nxd4
21. Rad1 Nxc2 22. Re7 Nb4 23. Rxb7 Rfb8 24. Rc7 Rc8 25. Rdc1 Rxc7 26. Rxc7 a5
27. Ke2 g6 28. Nf4 Re8+ 29. Kf3 d4 30. Rd7 Rc8 31. Rxd4 Rc3+ 32. Kg2 Rxb3 33.
Rd8+ Kg7 34. Ra8 Nc6 35. Nd5 Rb2 36. Ne3 Ra2 37. Ra6 Nb4 38. Rxa5 Nd3 39. Ra7
Nxf2 40. Kg3 Ne4+ 41. Kf3 Nc3 42. a5 Nb5 43. Ra8 Ra3 44. Kf2 Ra2+ 45. Kf3 Ra3
46. Kf2 Nd6 47. h4 Ra2+ 48. Kf3 Ra4 49. a6 Kf6 50. Nd5+ Ke5 51. Nc7 Ra3+ 52. Ke2
Kf4 53. Rd8 Ne4 1/2-1/2

[Event "27th Czech Open A 2016"]
[Site "Pardubice CZE"]
[Date "2016.07.28"]
[Round "7.40"]
[White "Wenninger, Philipp"]
[Black "Neelotpal, Das"]
[Result "0-1"]
[BlackTitle "GM"]
[WhiteElo "2356"]
[BlackElo "2467"]
[WhiteFideId "4648404"]
[BlackFideId "5003512"]
[EventDate "2016.07.22"]

1. d4 Nf6 2. c4 c6 3. Nf3 d5 4. Nc3 e6 5. Bg5 dxc4 6. e4 b5 7. e5 h6 8. Bh4 g5
9. Nxg5 hxg5 10. Bxg5 Nbd7 11. g3 Bb7 12. Bg2 Qb6 13. exf6 O-O-O 14. O-O c5 15.
d5 b4 16. Na4 Qb5 17. a3 Nb8 18. axb4 cxb4 19. Qg4 Bxd5 20. Bxd5 Rxd5 21. Be3
Nc6 22. Rfc1 Ne5 23. Qe4 Qc6 24. Kg2 Bh6 25. Re1 Nd3 26. Re2 Kb7 27. Kg1 Bxe3
28. Rxe3 Ra5 29. Qxc6+ Kxc6 30. b3 Rd8 31. Rd1 c3 32. Nxc3 bxc3 33. Rdxd3 Rxd3
34. Rxd3 c2 35. Rc3+ Rc5 36. Rxc2 Rxc2 37. h4 Kd5 0-1

[Event "27th Czech Open A 2016"]
[Site "Pardubice CZE"]
[Date "2016.07.28"]
[Round "7.41"]
[White "Sanders, Isaac B"]
[Black "Satyapragyan, Swayangsu"]
[Result "1/2-1/2"]
[WhiteTitle "FM"]
[BlackTitle "IM"]
[WhiteElo "2352"]
[BlackElo "2467"]
[WhiteFideId "417661"]
[BlackFideId "5004306"]
[EventDate "2016.07.22"]

1. f4 c5 2. Nf3 Nc6 3. e3 g6 4. Be2 Bg7 5. O-O d6 6. Nc3 Nh6 7. Qe1 O-O 8. e4
Nd4 9. Bd1 f5 10. d3 Nf7 11. exf5 Nxf5 12. Ne4 Qb6 13. Kh1 Bd7 14. c3 d5 15.
Neg5 Nxg5 16. Nxg5 Rae8 17. Bb3 e6 18. Qd1 Qd6 19. Bd2 Bh6 20. Qg4 Ng7 21. Qh4
Nf5 22. Qg4 Bb5 23. Rf3 Bxg5 24. Qxg5 c4 25. Bc2 cxd3 26. Bxd3 Bxd3 27. Rxd3 Qb6
28. b3 Nd6 29. Be3 Qa6 30. Qe5 Rf5 31. Qd4 Rh5 32. Rdd1 Qe2 33. Qd2 Qg4 34. Qe1
Ne4 35. Kg1 Rf8 36. c4 dxc4 37. bxc4 e5 38. fxe5 Rxe5 39. Bd4 Rg5 40. g3 Rf3 41.
Bb2 Qh3 42. Rd8+ Kf7 43. Rd7+ Qxd7 44. Qxe4 Qc6 45. Qh4 Rh5 46. Qg4 Rxh2 47.
Kxh2 Rf2+ 48. Kh3 Qg2+ 49. Kh4 Qh2+ 50. Qh3 g5+ 51. Kg4 Qxh3+ 52. Kxh3 Rxb2 53.
Kg4 Kg6 54. Rd1 h5+ 55. Kf3 g4+ 56. Kf4 Rf2+ 57. Ke4 b6 58. Rd6+ Rf6 59. Rd7 a5
60. Rd5 Kh6 61. c5 bxc5 62. Rxc5 h4 63. gxh4 Rg6 64. a4 g3 65. Rc1 Kh5 66. Kf3
Rg4 67. Rc8 Rxa4 68. Rh8+ Kg6 69. Kxg3 1/2-1/2

[Event "27th Czech Open A 2016"]
[Site "Pardubice CZE"]
[Date "2016.07.28"]
[Round "7.42"]
[White "Sylvan, Jacob"]
[Black "Lugovskoy, Maxim"]
[Result "0-1"]
[WhiteTitle "FM"]
[BlackTitle "IM"]
[WhiteElo "2342"]
[BlackElo "2458"]
[WhiteFideId "1402137"]
[BlackFideId "24126454"]
[EventDate "2016.07.22"]

1. e4 e6 2. d4 d5 3. Nc3 Bb4 4. e5 Ne7 5. a3 Bxc3+ 6. bxc3 c5 7. Qg4 Qc7 8. Qxg7
Rg8 9. Qxh7 cxd4 10. Ne2 Nbc6 11. f4 dxc3 12. Qd3 d4 13. Nxd4 Nxd4 14. Qxd4 Bd7
15. Rg1 Nf5 16. Qf2 Qc6 17. Bd3 Qd5 18. Rb1 Bc6 19. Rb3 O-O-O 20. Rxc3 Kb8 21.
g4 Nd4 22. Rg3 Qh1+ 23. Bf1 b6 24. h4 Bb5 25. Be3 Ne2 26. Rd3 Nxg3 0-1

[Event "27th Czech Open A 2016"]
[Site "Pardubice CZE"]
[Date "2016.07.28"]
[Round "7.43"]
[White "Kozionov, Kirill"]
[Black "Obsivac, Josef"]
[Result "1-0"]
[WhiteTitle "IM"]
[BlackTitle "FM"]
[WhiteElo "2440"]
[BlackElo "2365"]
[WhiteFideId "24101729"]
[BlackFideId "303690"]
[EventDate "2016.07.22"]

1. d4 Nf6 2. c4 g6 3. Nc3 Bg7 4. e4 d6 5. h3 O-O 6. Be3 e5 7. d5 a5 8. g4 Na6 9.
Nge2 c6 10. Ng3 Bd7 11. Be2 Nc5 12. g5 Ne8 13. h4 a4 14. h5 Qa5 15. Qd2 Nc7 16.
Kf1 Rfd8 17. Kg2 b5 18. dxc6 Bxc6 19. Nd5 Qxd2 20. Bxd2 Nxd5 21. cxd5 Bd7 22.
hxg6 hxg6 23. Rh2 Rdc8 24. Bb4 Ra7 25. Rah1 Rb7 26. Rh7 Rb6 27. a3 Rb7 28. R1h4
Rb6 29. f4 exf4 30. Rxg7+ Kxg7 31. Bc3+ f6 32. Rxf4 Nb3 33. Bxf6+ Kg8 34. Rh4 b4
35. Nf5 Bxf5 36. exf5 Kf7 37. fxg6+ Kxg6 38. Bd3+ Kf7 39. Rh7+ Kg8 40. g6 1-0

[Event "27th Czech Open A 2016"]
[Site "Pardubice CZE"]
[Date "2016.07.28"]
[Round "7.44"]
[White "Pultinevicius, Paulius"]
[Black "Carlsson, Pontus"]
[Result "0-1"]
[BlackTitle "GM"]
[WhiteElo "2325"]
[BlackElo "2435"]
[WhiteFideId "12809390"]
[BlackFideId "1705814"]
[EventDate "2016.07.22"]

1. e4 c5 2. Nc3 Nc6 3. Nge2 g6 4. d4 cxd4 5. Nxd4 Bg7 6. Be3 d6 7. Qd2 Nf6 8. f3
O-O 9. O-O-O Bd7 10. Bc4 Rc8 11. Bb3 Nxd4 12. Bxd4 b5 13. a3 a5 14. Kb1 b4 15.
axb4 axb4 16. Nd5 Nxd5 17. Bxg7 Kxg7 18. exd5 Qa5 19. Rde1 Rc5 20. Qd4+ Kg8 21.
Bc4 Bb5 22. Bxb5 Ra8 23. Kc1 Qxb5 24. b3 Rxd5 25. Qb2 Qc6 26. Rxe7 Qc3 27. Kb1
Rda5 0-1

[Event "27th Czech Open A 2016"]
[Site "Pardubice CZE"]
[Date "2016.07.28"]
[Round "7.45"]
[White "Tomazini, Zan"]
[Black "Hansen, Mads"]
[Result "0-1"]
[WhiteTitle "IM"]
[BlackTitle "FM"]
[WhiteElo "2432"]
[BlackElo "2353"]
[WhiteFideId "14608162"]
[BlackFideId "1401610"]
[EventDate "2016.07.22"]

1. e4 c5 2. Nf3 d6 3. d4 cxd4 4. Nxd4 Nf6 5. Nc3 a6 6. Bc4 e6 7. Bb3 b5 8. Qf3
Qc7 9. O-O Be7 10. Re1 Nbd7 11. Qg3 Nc5 12. a3 Bb7 13. f3 O-O 14. Bh6 Ne8 15.
Rad1 Kh8 16. Bg5 Nf6 17. Re2 h6 18. Be3 Rac8 19. Qh3 Rfe8 20. g4 Nh7 21. Qh5 Bf8
22. Qh3 Be7 23. Qg3 Bf6 24. h4 d5 25. Qxc7 Rxc7 26. Bf4 Rcc8 27. exd5 e5 28.
Rde1 Bxh4 29. Bxe5 Bxe1 30. Rxe1 Nf6 31. Nf5 Ncd7 32. Nd6 Nxe5 33. Rxe5 Rxe5 34.
Nxf7+ Kh7 35. Nxe5 Re8 36. Nd3 Rd8 37. Nf4 Rd7 38. Ne4 Nxd5 39. Nc5 Nxf4 40.
Nxd7 Bxf3 41. Kf2 Bd1 42. Ke3 Ng2+ 43. Kf2 Nf4 44. Nc5 g5 45. Nxa6 Bxg4 46. Nc5
h5 47. c4 bxc4 48. Bxc4 Bf5 49. b4 h4 50. b5 g4 51. b6 g3+ 52. Ke3 h3 53. b7 g2
54. b8=Q g1=Q+ 55. Kd2 Qh2+ 56. Be2 Qxe2+ 57. Kc3 Qe3+ 58. Kc4 Bd3+ 0-1

[Event "27th Czech Open A 2016"]
[Site "Pardubice CZE"]
[Date "2016.07.28"]
[Round "7.46"]
[White "Bebel, Arkadiusz"]
[Black "Zakhartsov, Vladimir"]
[Result "0-1"]
[WhiteTitle "FM"]
[BlackTitle "IM"]
[WhiteElo "2298"]
[BlackElo "2429"]
[WhiteFideId "1132679"]
[BlackFideId "4145097"]
[EventDate "2016.07.22"]

1. e4 c5 2. c3 Nf6 3. e5 Nd5 4. Nf3 Nc6 5. Bc4 Nb6 6. Bb3 c4 7. Bc2 Qc7 8. Qe2
g5 9. h3 Bg7 10. O-O Nxe5 11. Nxg5 h6 12. Nf3 d5 13. a4 Nbd7 14. d4 cxd3 15.
Bxd3 Nxd3 16. Qxd3 e6 17. Re1 O-O 18. Be3 Nc5 19. Bxc5 Qxc5 20. Nbd2 Qc7 21. Nf1
Rd8 22. Ne3 f5 23. Nd4 f4 24. Ng4 h5 25. Nb5 Qb8 26. Nh2 a6 27. Nd4 e5 28. Nf5
e4 29. Ne7+ Kf7 30. Rxe4 dxe4 31. Qxd8 Be6 0-1

[Event "27th Czech Open A 2016"]
[Site "Pardubice CZE"]
[Date "2016.07.28"]
[Round "7.47"]
[White "Popov, Mikhail"]
[Black "Kraus, Tomas"]
[Result "1-0"]
[WhiteTitle "FM"]
[BlackTitle "FM"]
[WhiteElo "2280"]
[BlackElo "2426"]
[WhiteFideId "4146182"]
[BlackFideId "331708"]
[EventDate "2016.07.22"]

1. Nf3 g6 2. c4 Bg7 3. Nc3 c5 4. g3 Nc6 5. Bg2 e5 6. O-O d6 7. Ne1 Be6 8. d3
Nge7 9. Nc2 O-O 10. Ne3 Rb8 11. Ned5 Nd4 12. e3 Ndf5 13. Rb1 a5 14. a3 Nxd5 15.
cxd5 Bd7 16. b4 b5 17. bxc5 dxc5 18. Ne4 Qb6 19. Qc2 Rfc8 20. Bb2 b4 21. Rfc1
Bf8 22. g4 Nh4 23. g5 Bb5 24. a4 Ba6 25. f4 Nxg2 26. Kxg2 Bg7 27. Bc3 Qd8 28.
Bxe5 Bxe5 29. fxe5 Qxd5 30. Kg1 Qxe5 31. h4 c4 32. d4 Qe6 33. Nf6+ Kg7 34. Qf2
c3 35. Qf4 Qf5 36. Qg3 Re8 37. e4 Qc8 38. Nxe8+ Qxe8 39. Rxc3 Qxe4 40. Re1 Qxd4+
41. Rce3 Rb6 42. Kh2 Qb2+ 43. Kg1 b3 44. Rc3 Qa3 45. Qf2 Qd6 46. Rf3 Bc4 47.
Qb2+ f6 48. gxf6+ Kg8 49. Re8+ Kf7 50. Re7+ Kf8 51. f7 Qd1+ 52. Kg2 Bf1+ 53. Kf2 1-0

[Event "27th Czech Open A 2016"]
[Site "Pardubice CZE"]
[Date "2016.07.28"]
[Round "7.48"]
[White "Zwardon, Vojtech"]
[Black "Thakur, Akash"]
[Result "0-1"]
[WhiteTitle "IM"]
[BlackTitle "FM"]
[WhiteElo "2421"]
[BlackElo "2339"]
[WhiteFideId "325511"]
[BlackFideId "5008514"]
[EventDate "2016.07.22"]

1. c4 c6 2. Nc3 d5 3. d4 dxc4 4. e3 Be6 5. Nf3 Nf6 6. Ng5 Bf5 7. Bxc4 e6 8. O-O
h6 9. Nf3 Nbd7 10. Re1 Be7 11. e4 Bg6 12. Bd3 O-O 13. e5 Nd5 14. Bxg6 fxg6 15.
Qd3 Qe8 16. Bd2 Qf7 17. Nxd5 cxd5 18. Rac1 Rfc8 19. a4 Bd8 20. a5 g5 21. h3 Nf8
22. a6 bxa6 23. Qxa6 Qd7 24. Bb4 Rcb8 25. Bc5 Qb5 26. Qxb5 Rxb5 27. b4 Nd7 28.
Bd6 a5 29. Ra1 Rc8 30. bxa5 Bxa5 31. Re2 Nb6 32. Bc5 Nc4 33. Rea2 Rcb8 34. Kh2
Kh7 35. Kg3 R8b7 36. Ra4 Kg6 37. h4 gxh4+ 38. Nxh4+ Kf7 39. Nf3 g5 40. Rc1 Kg6
41. Rc2 Rf7 42. Bd6 h5 43. Ra1 h4+ 44. Kh2 Kh5 45. Ne1 Rb3 46. Rd1 g4 47. Nd3
g3+ 48. fxg3 Ne3 49. Nc5 hxg3+ 50. Kh3 Nxd1 51. Nxb3 Rg7 0-1

[Event "27th Czech Open A 2016"]
[Site "Pardubice CZE"]
[Date "2016.07.28"]
[Round "7.49"]
[White "Domogaev, Sergey"]
[Black "Kulon, Klaudia"]
[Result "1-0"]
[WhiteTitle "GM"]
[BlackTitle "WGM"]
[WhiteElo "2419"]
[BlackElo "2334"]
[WhiteFideId "24103608"]
[BlackFideId "1131044"]
[EventDate "2016.07.22"]

1. d4 Nf6 2. c4 g6 3. Nc3 Bg7 4. e4 O-O 5. Be2 d6 6. Bg5 h6 7. Be3 e5 8. d5 a5
9. h4 Ne8 10. Qd2 Kh7 11. h5 g5 12. Bd3 Na6 13. Nge2 Nf6 14. f3 Nd7 15. a3 Ndc5
16. Bc2 Bd7 17. b3 Qe8 18. Rb1 f5 19. exf5 Bxf5 20. b4 axb4 21. axb4 Nd7 22.
Bxf5+ Rxf5 23. Qc2 e4 24. Nxe4 Kh8 25. Nd4 Rf7 26. Ne6 Ne5 27. O-O Re7 28. Nxg7
Rxg7 29. Bd4 Qxh5 30. Qc3 Qe8 31. c5 Qe7 32. cxd6 cxd6 33. Nxd6 1-0

[Event "27th Czech Open A 2016"]
[Site "Pardubice CZE"]
[Date "2016.07.28"]
[Round "7.50"]
[White "Karas, Marek"]
[Black "Nasuta, Grzegorz"]
[Result "1/2-1/2"]
[WhiteTitle "FM"]
[BlackTitle "IM"]
[WhiteElo "2278"]
[BlackElo "2417"]
[WhiteFideId "14928558"]
[BlackFideId "1141686"]
[EventDate "2016.07.22"]

1. d4 Nf6 2. Nf3 g6 3. c4 Bg7 4. Nc3 d5 5. Bg5 Ne4 6. cxd5 Nxg5 7. Nxg5 e6 8.
Qd2 exd5 9. Qe3+ Kf8 10. Qf4 Bf6 11. h4 h6 12. Nf3 Kg7 13. e3 Be6 14. Bd3 c6 15.
Qg3 Qc8 16. Rc1 1/2-1/2

[Event "27th Czech Open A 2016"]
[Site "Pardubice CZE"]
[Date "2016.07.28"]
[Round "7.51"]
[White "Vokac, Marek"]
[Black "Lerch, Philipp"]
[Result "1/2-1/2"]
[WhiteTitle "GM"]
[BlackTitle "FM"]
[WhiteElo "2415"]
[BlackElo "2315"]
[WhiteFideId "300101"]
[BlackFideId "4654129"]
[EventDate "2016.07.22"]

1. Nf3 c5 2. b3 d6 3. d4 cxd4 4. Nxd4 Nf6 5. Bb2 e5 6. Nf3 Nc6 7. e3 Be7 8. Be2
Qc7 9. c4 Be6 10. Nc3 Rd8 11. e4 O-O 12. O-O a6 13. Re1 Qb8 14. h3 h6 15. Bf1
Rd7 16. Rc1 Bd8 17. Nd5 Bxd5 18. exd5 Ne7 19. Nxe5 dxe5 20. Bxe5 Qc8 21. Bxf6
gxf6 22. Qg4+ Kh8 23. Bd3 Ba5 24. Qf4 Kg7 25. Qg4+ Kh8 26. Qf4 Kg7 1/2-1/2

[Event "27th Czech Open A 2016"]
[Site "Pardubice CZE"]
[Date "2016.07.28"]
[Round "7.52"]
[White "Hacker, Jonas"]
[Black "Padmini, Rout"]
[Result "0-1"]
[WhiteTitle "FM"]
[BlackTitle "IM"]
[WhiteElo "2275"]
[BlackElo "2415"]
[WhiteFideId "1270968"]
[BlackFideId "5029295"]
[EventDate "2016.07.22"]

1. e4 c5 2. Nf3 e6 3. d4 cxd4 4. Nxd4 Nc6 5. Nc3 Qc7 6. Be3 a6 7. Bd3 Nf6 8. O-O
Nxd4 9. Bxd4 Bc5 10. Bxc5 Qxc5 11. Qe1 d6 12. Kh1 e5 13. f4 Be6 14. Rd1 O-O 15.
f5 Bd7 16. Nd5 Nxd5 17. exd5 f6 18. Be4 b5 19. Rf3 Rfc8 20. Rh3 Be8 21. g4 h6
22. Rg3 a5 23. h4 Qb4 24. b3 Qxe1+ 25. Rxe1 Kf8 26. g5 Bf7 27. Reg1 Ke7 28. g6
Be8 29. c3 Kd8 30. Rd3 Kc7 31. a3 Kb6 32. Rgg3 b4 33. axb4 axb4 34. c4 Ra1+ 35.
Rg1 Rca8 36. Rxa1 Rxa1+ 37. Kg2 Kc5 38. Kf2 Ra2+ 39. Kg3 Bd7 40. Kf3 Ra1 41. Kf2
Rb1 42. Ke2 Rg1 43. Kf3 Rf1+ 44. Ke3 Rb1 45. Ke2 h5 46. Kf2 Bc8 47. Ke3 Re1+ 48.
Kf3 Rf1+ 49. Ke3 Bxf5 50. Bxf5 Rxf5 51. Rd1 Rf4 52. Ra1 f5 53. Ra5+ Kb6 54. Rb5+
Kc7 55. Ra5 Rg4 56. Ra7+ Kb6 57. Rxg7 Rg3+ 58. Kd2 f4 59. Rg8 Kc5 60. g7 Kd4 61.
c5 e4 62. cxd6 e3+ 63. Kc1 f3 64. Rf8 f2 65. Kd1 Rg1+ 66. Kc2 Rxg7 0-1

[Event "27th Czech Open A 2016"]
[Site "Pardubice CZE"]
[Date "2016.07.28"]
[Round "7.53"]
[White "Mohammad, Nubairshah Shaikh"]
[Black "Antonio, Viani D'cunha"]
[Result "0-1"]
[WhiteElo "2415"]
[BlackElo "2305"]
[WhiteFideId "5053196"]
[BlackFideId "5027330"]
[EventDate "2016.07.22"]

1. c4 e5 2. g3 Nf6 3. Bg2 d5 4. cxd5 Nxd5 5. Nc3 Nb6 6. d3 Be7 7. a4 a5 8. Be3
O-O 9. Nf3 Nc6 10. O-O Re8 11. Rc1 Bf8 12. Nb5 h6 13. Nd2 Bg4 14. Re1 Rc8 15.
Bxc6 bxc6 16. Na7 Ra8 17. Nxc6 Qd5 18. Bxb6 cxb6 19. Qb3 Qxb3 20. Nxb3 Be6 21.
Nd2 Bd7 22. Nf3 f6 23. d4 exd4 24. Ncxd4 Bxa4 25. Rc7 Rad8 26. Rec1 Bc5 27. e3
Rd7 28. Rxd7 Bxd7 29. Nb3 Bb4 30. Rc7 Bh3 31. Nfd4 Rc8 32. Rxc8+ Bxc8 33. f3 a4
34. Nc2 Bf8 35. Nbd4 Bd7 36. Na3 Kf7 37. Kf2 Ke7 38. Ke2 Kd6 39. Kd3 Kc5 40. Kc3
b5 41. Nac2 h5 42. b4+ axb3 43. Nxb3+ Kb6 44. e4 Bd6 45. f4 Be6 46. Nbd4 Bg8 47.
Nf5 Bf8 48. Nfd4 Ka5 49. Nc6+ Ka4 50. N2b4 Bc5 51. Nd3 Bg1 52. h3 Be6 53. f5 Bc8
54. Nb2+ Ka3 55. Nb4 Bb7 56. Nc2+ Ka2 57. Nd3 Bxe4 58. Ndb4+ Kb1 59. Na3+ Kc1
60. g4 hxg4 61. hxg4 Bf3 62. Nxb5 Bxg4 63. Nd6 Be3 64. Nd5 Bc5 65. Ne8 Bf8 66.
Ne3 Be2 67. Nd5 Bg4 68. Ne3 Bh5 69. Nc7 Bc5 70. Kd3 Bd6 71. Ne6 g5 72. fxg6
Bxg6+ 73. Ke2 Bb8 74. Nd4 Kb2 75. Kf3 Kc3 76. Nc6 Bd6 77. Nd5+ Kc4 78. Nxf6 Bf5
79. Ne4 Bc7 80. Ne7 Bd7 81. Ng6 Kd4 82. Nf4 Bb8 83. Ne2+ Ke5 84. N2c3 Ba7 85.
Kg3 Kd4 86. Kf4 Bb8+ 87. Kf3 Bc6 88. Ke2 Be8 89. Kd2 Bf4+ 90. Kc2 Bh6 91. Nd2
Bg6+ 92. Nde4 Kc4 93. Kb2 Bg7 94. Ka3 Bf8+ 95. Ka4 Bb4 96. Nb5 Be8 97. Nd6+ Bxd6
98. Ka5 Bxb5 99. Kb6 Kb4 100. Kb7 Kc5 101. Kc8 Bc6 102. Kd8 Kb6 103. Kc8 Be7
104. Kb8 Bd7 105. Ka8 Bf6 0-1

[Event "27th Czech Open A 2016"]
[Site "Pardubice CZE"]
[Date "2016.07.28"]
[Round "7.54"]
[White "Commercon, Simon"]
[Black "Stella, Andrea"]
[Result "0-1"]
[BlackTitle "IM"]
[WhiteElo "2221"]
[BlackElo "2409"]
[WhiteFideId "24620998"]
[BlackFideId "827061"]
[EventDate "2016.07.22"]

1. d4 e6 2. c4 Bb4+ 3. Bd2 a5 4. e4 d5 5. exd5 exd5 6. Nc3 Ne7 7. a3 Bxc3 8.
bxc3 O-O 9. Nf3 Re8 10. Be2 dxc4 11. Bxc4 Nd5+ 12. Be2 Qe7 13. Kf1 Bf5 14. c4
Nf6 15. Bg5 h6 16. Bxf6 Qxf6 17. Qd2 c5 18. Re1 Nd7 19. Bd1 Rxe1+ 20. Kxe1 Re8+
21. Kf1 cxd4 22. Nxd4 Qd6 23. Be2 Nc5 24. Nb3 Bd3 25. Bxd3 Nxd3 26. g3 Qc6 0-1